<?xml version="1.0" encoding="UTF-8"?>
<record
    xmlns:xsi="http://www.w3.org/2001/XMLSchema-instance"
    xsi:schemaLocation="http://www.loc.gov/MARC21/slim http://www.loc.gov/standards/marcxml/schema/MARC21slim.xsd"
    xmlns="http://www.loc.gov/MARC21/slim">

  <leader>00328nam a2200145Ia 4500</leader>
  <controlfield tag="008">191201s2005    xx            000 0 und d</controlfield>
  <datafield tag="082" ind1=" " ind2=" ">
    <subfield code="a">005.74</subfield>
    <subfield code="b">POD</subfield>
  </datafield>
  <datafield tag="100" ind1=" " ind2=" ">
    <subfield code="a">POST, Garald V</subfield>
  </datafield>
  <datafield tag="245" ind1=" " ind2="0">
    <subfield code="a">Database Management Systems</subfield>
  </datafield>
  <datafield tag="250" ind1=" " ind2=" ">
    <subfield code="a">3rd</subfield>
  </datafield>
  <datafield tag="260" ind1=" " ind2=" ">
    <subfield code="a">N.Delhi</subfield>
    <subfield code="b">TMH</subfield>
    <subfield code="c">2005</subfield>
  </datafield>
  <datafield tag="300" ind1=" " ind2=" ">
    <subfield code="a">424</subfield>
  </datafield>
  <datafield tag="650" ind1=" " ind2=" ">
    <subfield code="a">MBA</subfield>
  </datafield>
  <datafield tag="942" ind1=" " ind2=" ">
    <subfield code="2">ddc</subfield>
    <subfield code="c">BK</subfield>
  </datafield>
  <datafield tag="999" ind1=" " ind2=" ">
    <subfield code="c">3158</subfield>
    <subfield code="d">3158</subfield>
  </datafield>
  <datafield tag="952" ind1=" " ind2=" ">
    <subfield code="0">0</subfield>
    <subfield code="1">0</subfield>
    <subfield code="2">ddc</subfield>
    <subfield code="4">0</subfield>
    <subfield code="7">0</subfield>
    <subfield code="8">MBA</subfield>
    <subfield code="a">PIET</subfield>
    <subfield code="b">PIET</subfield>
    <subfield code="d">2006-08-24</subfield>
    <subfield code="e">J B C, New Delhi</subfield>
    <subfield code="g">350.00</subfield>
    <subfield code="k">724</subfield>
    <subfield code="l">0</subfield>
    <subfield code="o">005.74 POD</subfield>
    <subfield code="p">7490</subfield>
    <subfield code="r">2019-12-04 00:00:00</subfield>
    <subfield code="w">2007-07-30</subfield>
    <subfield code="y">BK</subfield>
  </datafield>
  <datafield tag="952" ind1=" " ind2=" ">
    <subfield code="0">0</subfield>
    <subfield code="1">0</subfield>
    <subfield code="2">ddc</subfield>
    <subfield code="4">0</subfield>
    <subfield code="7">0</subfield>
    <subfield code="8">MBA</subfield>
    <subfield code="a">PIET</subfield>
    <subfield code="b">PIET</subfield>
    <subfield code="d">2006-08-24</subfield>
    <subfield code="e">J B C, New Delhi</subfield>
    <subfield code="g">350.00</subfield>
    <subfield code="k">724</subfield>
    <subfield code="l">0</subfield>
    <subfield code="o">005.74 POD</subfield>
    <subfield code="p">7491</subfield>
    <subfield code="r">2019-12-04 00:00:00</subfield>
    <subfield code="w">2007-07-30</subfield>
    <subfield code="y">BK</subfield>
  </datafield>
  <datafield tag="952" ind1=" " ind2=" ">
    <subfield code="0">0</subfield>
    <subfield code="1">0</subfield>
    <subfield code="2">ddc</subfield>
    <subfield code="4">0</subfield>
    <subfield code="7">0</subfield>
    <subfield code="8">MBA</subfield>
    <subfield code="a">PIET</subfield>
    <subfield code="b">PIET</subfield>
    <subfield code="d">2006-08-24</subfield>
    <subfield code="e">J B C, New Delhi</subfield>
    <subfield code="g">350.00</subfield>
    <subfield code="k">724</subfield>
    <subfield code="l">1</subfield>
    <subfield code="o">005.74 POD</subfield>
    <subfield code="p">7492</subfield>
    <subfield code="r">2021-12-11 00:00:00</subfield>
    <subfield code="s">2021-09-03</subfield>
    <subfield code="w">2007-07-30</subfield>
    <subfield code="y">BK</subfield>
  </datafield>
  <datafield tag="952" ind1=" " ind2=" ">
    <subfield code="0">0</subfield>
    <subfield code="1">0</subfield>
    <subfield code="2">ddc</subfield>
    <subfield code="4">0</subfield>
    <subfield code="7">0</subfield>
    <subfield code="8">MBA</subfield>
    <subfield code="a">PIET</subfield>
    <subfield code="b">PIET</subfield>
    <subfield code="d">2006-08-24</subfield>
    <subfield code="e">J B C, New Delhi</subfield>
    <subfield code="g">350.00</subfield>
    <subfield code="k">724</subfield>
    <subfield code="l">0</subfield>
    <subfield code="o">005.74 POD</subfield>
    <subfield code="p">7493</subfield>
    <subfield code="r">2019-12-04 00:00:00</subfield>
    <subfield code="w">2007-07-30</subfield>
    <subfield code="y">BK</subfield>
  </datafield>
  <datafield tag="952" ind1=" " ind2=" ">
    <subfield code="0">0</subfield>
    <subfield code="1">0</subfield>
    <subfield code="2">ddc</subfield>
    <subfield code="4">0</subfield>
    <subfield code="7">0</subfield>
    <subfield code="8">MBA</subfield>
    <subfield code="a">PIET</subfield>
    <subfield code="b">PIET</subfield>
    <subfield code="d">2006-08-24</subfield>
    <subfield code="e">J B C, New Delhi</subfield>
    <subfield code="g">350.00</subfield>
    <subfield code="k">724</subfield>
    <subfield code="l">0</subfield>
    <subfield code="o">005.74 POD</subfield>
    <subfield code="p">7494</subfield>
    <subfield code="r">2019-12-04 00:00:00</subfield>
    <subfield code="w">2007-07-30</subfield>
    <subfield code="y">BK</subfield>
  </datafield>
</record>
